1882 1104 1366 1495 1374 1092 1993 1203 1262 1916 1520 1115 1777 1007 1166 1060 1614 1355 1730 1435 1701 1331 1176 1379 1592 1564 1782 1230 1948 1093 1552 1160 1318 1146 1366 1151 1108 1760 1015 1725 1433 1720 1970 1774 1188 1029 1020 1906 1706 1386 1634 1138 1020 1027 1036 1644 1040 1685 1312 1927 1325 1241 1145 1684 1199 1924 1608 1575 1961 1665 1354 1467 1671 1404 1610 1484 1286 1280 1872 1284 1034 1904 1269 1270 1079 1227 1243 1829 1846 1897 1563 1390 1106 1282 1634 1048 1773 1310 1430 BCNSPRNW ULIB Ver.6.0+V

เปลี่ยนเป็นภาษาไทย

Change to English
 แสดงรายละเอียดบรรณานุกรม
  กลับหน้าหลัก

Brief Record : Get Marc (ISO 2709) : E-mail record : QR code < ปิดหน้าต่าง
LEADER : 00000nam 2200000uu 4500
001    13399122154
003     ULIB
008    130107s2555||||th 000 0 tha d
020    ^a9789740329534
060 04 ^aWA30^bอ176ก
100 0  ^aอนามัย (ธีรวิโรจน์) เทศกะทึก
245 10 ^aการประเมินผลกระทบต่อสุขภาพ^b(Health impact assessment: HIA) /^cอนามัย (ธีรวิโรจน์) เทศกะทึก
246 31 ^aHealth impact assessment:^bHIA
246 31 ^aHIA
250    ^aพิมพ์ครั้งที่ 1
260    ^aกรุงเทพฯ :^bสำนักพิมพ์แห่งจุฬาลงกรณ์มหาวิทยาลัย,^c2555
300    ^a[15], 236, [3] หน้า :^bภาพประกอบ ;^c26 ซม.
500    ^aบรรณานุกรมท้ายบท
650  4 ^aสุขภาพ^xผลกระทบจากสิ่งแวดล้อม
650  4 ^aการประเมินผลกระทบ
650  4 ^aสิ่งแวดล้อม^xผลกระทบต่อสุขภาพ
945    ^p190^l0^i19589
945    ^p190^l0^i19590
995    ^aกัณชพร
999    ^aใช้งานได้ทุกระบบ
รายการนี้ยังไม่มีแท็ก
คุณยังไม่ได้ล็อกอิน คุณสามารถมีกิจกรรมร่วมกับเว็บไซต์ได้ แต่ต้องล็อกอินก่อน ::
  ล็อกอิน

รายการสื่อสารสนเทศ

ลำดับที่ ประเภท เลขเรียก/บาร์โค้ด สถานที่ สถานะ
1. วิทยาศาสตร์การแพทย์ และสุขภาพ
วิทยาศาสตร์การแพทย์ และสุขภาพ
สถานะ=หนังสือเก่า
WA30 อ176ก  
  Barcode: 19589
ห้องสมุดวิทยาเขตนครสวรรค์
►ส่วนจัดเก็บหนังสือเก่า นว.
บนชั้น
  ขอยืม
2. วิทยาศาสตร์การแพทย์ และสุขภาพ
วิทยาศาสตร์การแพทย์ และสุขภาพ
สถานะ=หนังสือเก่า
WA30 อ176ก ฉ.2 
  Barcode: 19590
ห้องสมุดวิทยาเขตนครสวรรค์
►ส่วนจัดเก็บหนังสือเก่า นว.
บนชั้น
  ขอยืม

รายการใกล้เคียง
    ผู้แต่ง [อนามัย (ธีรวิโรจน์) เทศกะทึก]

    หัวเรื่อง [การประเมินผลกระทบ]

BibComment


ยังไม่เคยถูกคอมเมนท์

คอมเมนท์ทรัพยากรรายการนี้
  คอมเมนท์: การประเมินผลกระท..


 Copyright 2026. Bcnsprnw @Library